000 00367 a2200145 4500
001 175854
020 _a
040 _cMagnum
100 _aLima, Maria de Jesus Fortuna
240 1 0 _aA incrivel estoria de amor de mimo e dede
_lpor
245 1 0 _aA incrivel estoria de amor de mimo e dede
362 0 _a1899
697 _aMAGNITO: IJ/FADAS, FANTASIA
942 _cBK
999 _c175854
_d175854